| 000 | 01034 a2200241 4500 | ||
|---|---|---|---|
| 005 | 20211207150404.0 | ||
| 008 | 181012s2018 ck ||||| |||| 00| 0 spa d | ||
| 020 | _a9789587840490 | ||
| 040 |
_aCO-BoUCM _bspa _cSaul Niño _dSaul Niño |
||
| 041 | 0 | _aspa | |
| 100 | 1 | 0 |
_aCaicedo Hinojos, Gustavo _993985 |
| 245 |
_aMilagros urbanos _bliderazgo y transformación urbana en Bogotá y Medellín _cGustavo Caicedo Hinojos |
||
| 260 |
_aBogotá (Colombia) _bEditorial Universidad del Rosario _c2018 |
||
| 300 | _axxiii, 143 páginas | ||
| 650 | 7 |
_97290 _aArquitectura |
|
| 650 | 7 |
_aDesarrollo urbano _zBogotá (Colombia) _929913 |
|
| 650 | 7 |
_912996 _aDesarrollo urbano _zMedellín (Colombia) |
|
| 650 | 0 |
_aProporción (Arquitectura) _922596 |
|
| 650 | 7 |
_918539 _aLiderazgo político |
|
| 856 |
_uhttps://editorial.urosario.edu.co/gpd-milagros-urbanos-liderazgo-y-transformacion-urbana-en-bogota-y-medellin.html _zVer información del libro |
||
| 942 |
_cLIBROUR _2DEWEY _a17 _e1 _h711.4 _mC133m |
||
| 999 |
_c310740 _d310740 |
||